As Origens de Portugal (Registo nº 753)

Detalhes MARC
000 -Etiqueta do registo
Cabeçalho 00704nam0a22002771 4500
005 - Identificador da versão
Campo de controlo 20240813121813.0
010 ## - Número internacional normalizado dos livros (ISBN)
Número (ISBN) 9723111527
021 ## - Número do Depósito Legal
Código do país PT
Número 239355/06
035 ## - Other System Control Numbers
System Control Number 0000823
System Control Number 0000818
System Control Number 0000811
System Control Number 0000799
100 ## - Dados gerais de processamento
Dados gerais de processamento 20071210d 2006a e0pory5003 ba
102 ## - Pais de publicação ou produção
País de publicação Portugal
101 0# - Língua de publicação
Língua do texto, banda sonora, etc. Português
Língua do documento no original Português
106 ## - Campo de dados codificados: material textual
Dados codificados do material textual r
105 ## - Campo de dados codificados: livros
Dados codificados dos livros a z 001yy
215 ## - Descrição física 
Indicação específica da natureza do documento e extensão da espécie 238 p.
Outras indicações físicas il.
Dimensões cm
200 1# - Titulo e menção de responsabilidade
Título próprio As Origens de Portugal
Informação de outro título História contada a uma criança
Primeira menção de responsabilidade Rómulo de Carvalho
Outras menções de responsabilidade il. José Brandão
205 ## - Menção da edição
Menção da edição 4ª ed.
210 ## - Publicação, Distribuição, etc. 
Lugar da edição, distribuição, etc. Lisboa
Nome do editor, distribuidor, etc. Fundação Calouste Gulbenkian
Data da publicação, distribuição, etc. 2006
702 #1 - Nome de autor-pessoa física (responsabilidade secundária)
Número de registo de entrada de autoridade 0001051
Código de função Ilustrador / Técnico de desenho computorizado
942 ## - Elementos de entrada adicionados (Koha)
Tipo de item no Koha Livro
Exemplares
Situação do levantamento Origin of item (home branch) (coded) Biblioteca de empréstimo Código de barras Circulation type (not for loan) Tipo de documento Nota do exemplar Damaged status
  Biblioteca Escolar Eng. Nuno Mergulhão Biblioteca Escolar Eng. Nuno Mergulhão BENM1363   Livro Sem mensagem